Lo que ha sido y debe ser la política ferrocarilera de México / (Registro nro. 94543)

Detalles MARC
000 -LEADER
campo de control de longitud fija 00581nam a2200169 i 4500
001 - NÚMERO DE CONTROL
campo de control 94543
003 - IDENTIFICADOR DE NÚMERO DE CONTROL
campo de control ES-MaACL
005 - FECHA Y HORA DE LA ÚLTIMA TRANSACCIÓN
campo de control 20230906181514.0
007 - CAMPO FIJO DE DESCRIPCIÓN FÍSICA--INFORMACIÓN GENERAL
campo de control de longitud fija t|
008 - DATOS DE LONGITUD FIJA--INFORMACIÓN GENERAL
campo de control de longitud fija 050506s1914 mx ||||1| spa d
100 1# - ENTRADA PRINCIPAL--NOMBRE DE PERSONA
Nombre de persona Loria, Francisco.
9 (RLIN) 74207
245 10 - MENCIÓN DEL TÍTULO
Título Lo que ha sido y debe ser la política ferrocarilera de México /
Mención de responsabilidad, etc. por Francisco Loria; con introdución de D. Carlos Basave y del Castillo Negrete.
260 ## - PUBLICACIÓN, DISTRIBUCIÓN, ETC.
Lugar de publicación, distribución, etc. México :
Nombre del editor, distribuidor, etc. Tipo. económica,
Fecha de publicación, distribución, etc. 1914.
300 ## - DESCRIPCIÓN FÍSICA
Extensión 147 p. ;
Dimensiones 18 cm.
700 1# - ENTRADA AGREGADA--NOMBRE PERSONAL
Nombre de persona Basave y del Castillo Negrete, Carlos.
9 (RLIN) 26255
852 ## - LOCALIZACIÓN
Ubicación ES-MaACL
Número de control de estantería G-1324
Existencias
Estatus retirado Estado de pérdida Estado de daño No para préstamo Biblioteca de origen Biblioteca actual Ubicación en estantería Fecha de adquisición Fuente de adquisición Total de préstamos Signatura topográfica completa Código de barras Visto por última vez Precio de reemplazo Tipo de ítem Koha
        Biblioteca del Ateneo de Madrid Biblioteca del Ateneo de Madrid Depósito 2 17/01/2008     G-1324 1098741 23/02/2023 23/02/2023 Libro impreso